I Named The Village (Record no. 207543)

MARC details
000 -LEADER
fixed length control field 00613nam a22002057a 4500
005 - DATE AND TIME OF LATEST TRANSACTION
control field 20241211100647.0
010 ## - LCCN (DPL NO)
LC control number ENG-142933
020 ## - INTERNATIONAL STANDARD BOOK NUMBER
International Standard Book Number 9789389080230
Terms of availability 70.00
020 ## - INTERNATIONAL STANDARD BOOK NUMBER
International Standard Book Number 8174785957
035 ## - SYSTEM CONTROL NUMBER
System control number EN-126465
037 ## - SOURCE OF ACQUISITION
Source of stock number/acquisition DBAD
082 ## - DEWEY DECIMAL CLASSIFICATION NUMBER
Classification number 881
Edition number 1
100 ## - MAIN ENTRY--PERSONAL NAME
Personal name Ahila
245 ## - TITLE STATEMENT
Title I Named The Village
Statement of responsibility, etc by Ahila
250 ## - EDITION STATEMENT
Edition statement 1
260 ## - PUBLICATION, DISTRIBUTION, ETC. (IMPRINT)
Place of publication, distribution, etc Chennai
Name of publisher, distributor, etc Olivannan Gopalkrishnan Emerald Publishers
Date of publication, distribution, etc 2019
270 ## - ADDRESS
Address 15A, First Floor, Casa Major Road, Egmore
City Chennai
Postal code 600008
Telephone number +91-44-28183206
-- +91-44-42146994
300 ## - PHYSICAL DESCRIPTION
Extent 41p.
Dimensions 21cm(pb)
942 ## - ADDED ENTRY ELEMENTS (KOHA)
Source of classification or shelving scheme Dewey Decimal Classification
Item type English Books
Classification part 881
Call number suffix AHI
Edition 1
Holdings
Withdrawn status Lost status Not for loan Collection code Home library Current library Date acquired Source of acquisition Cost, normal purchase price Full call number Barcode Copy number Cost, replacement price Koha item type
      Non-fiction R.K.Puram-8 R.K.Puram-8 11/12/2024 Delivery of Books Division 70.00 881 AHI EN-126465 1 70.00 English Books

© Delhi Public Library
Hit Counter
free hit counter